• 首页
  • 本馆介绍
  • 公告通知
  • 最新文献
  • 馆藏检索
  • 电子资源
  • 读者导购
  • 参考咨询
  • 我的图书馆
  • 登录
  • 详细信息显示
  • 放入我的书架
  • 预约/预借图书
  • 作者相关作品
  • 分类相关作品
  • 丛书相关作品
  • 出版社相关作品

书目信息

  • 表格格式
  • 工作单格式
  • 卡片格式
题名:
STEM学习环境论
    
 
作者: 王晶莹 著
分册:  
出版信息: 上海   上海教育出版社有限公司  2020.06
页数: 25, 317页
开本: 24cm
丛书名:
单 册:
中图分类: G40-052.4
科图分类:
主题词: 教育环境--jiao yu huan jing--研究
电子资源:
ISBN: 978-7-5444-9911-8
000 01125nam0 2200277 450
001 0109110028
005 20201109110332.0
010    @a978-7-5444-9911-8@dCNY66.00
100    @a20200827d2020 em y0chiy50 ea
101 0  @achi
102    @aCN@b310000
105    @ay z 000yy
106    @ar
200 1  @aSTEM学习环境论@ASTEM xue xi huan jing lun@f王晶莹著
210    @a上海@c上海教育出版社有限公司@d2020.06
215    @a25, 317页@d24cm
300    @a上海文化发展基金会图书出版专项基金资助项目
300    @a面向21世纪能力的教育变革:中国与世界/彭正梅主编
312    @a封面英文题名:Learning environment of STEM
330    @a本书一方面考察国际STEM教育的最新研究进展,关注了人才成长路径的纵向研究、管道理论和途径组合理论的发展,并进行了多元学习环境的分析架构。另一方面,实证调查了STEM课堂学习环境和非正式学习环境,开展了STEM学习环境的国际比较,剖析了中美STEM课程案例的差异。
510 1  @aLearning environment of STEM@zeng
606 0  @a教育环境@Ajiao yu huan jing@x研究
690    @aG40-052.4@v5
701  0 @a王晶莹@Awang jing ying@4著
801  0 @aCN@bBJSZM@c20201103
905    @b1264261-5@dG40-052.4@e1177@f5
    
    STEM学习环境论/王晶莹著.-上海:上海教育出版社有限公司,2020.06
    25, 317页;24cm
    上海文化发展基金会图书出版专项基金资助项目.-面向21世纪能力的教育变革:中国与世界/彭正梅主编
    
    ISBN 978-7-5444-9911-8:CNY66.00
    本书一方面考察国际STEM教育的最新研究进展,关注了人才成长路径的纵向研究、管道理论和途径组合理论的发展,并进行了多元学习环境的分析架构。另一方面,实证调查了STEM课堂学习环境和非正式学习环境,开展了STEM学习环境的国际比较,剖析了中美STEM课程案例的差异。
●
相关链接 在E读中查询图书 在五车中查询图书 在当当中查询图书 在豆瓣中查询图书


正题名:STEM学习环境论     索取号:G40-052.4/1177         预约/预借

序号 登录号 条形码 馆藏地/架位号 状态 备注
1 1264261   212642611   第一样本阅览室/ [索取号:G40-052.4/1177] 在馆    
2 1264262   212642620   教育系资料室/ [索取号:G40-052.4/1177] 在馆    
3 1264263   212642639   教育系资料室/ [索取号:G40-052.4/1177] 在馆    
4 1264264   212642648   第四借阅区/ [索取号:G40-052.4/1177] 在馆    
5 1264265   212642657   第四借阅区/ [索取号:G40-052.4/1177] 在馆    
唐山师范学院图书馆 欢迎您!
大连网信软件有限公司© 版权所有